| 000 | 00563cam a2200205ua 4500 | ||
|---|---|---|---|
| 005 | 20220922142302.0 | ||
| 008 | 161007n ii |||gr||||Z||||||eng | ||
| 020 | _a9789382056188 | ||
| 040 |
_cMAIN _aIN-DiNC |
||
| 041 | _deng | ||
| 082 |
_a301 _bBOR |
||
| 100 |
_aBorgohain, Himanta, _eauthor |
||
| 245 |
_aFundamentals of sociology: _bHS first year / _cBy Himanta Borgohain . |
||
| 250 | _a1st ed. | ||
| 260 |
_aDibrugarh: _bBanalata, _c2016. |
||
| 300 | _a309p. | ||
| 650 | _aSociety and sociology | ||
| 653 | _aSociology & anthropology | ||
| 942 |
_cBK _2ddc |
||
| 999 |
_c8909 _d8909 |
||